Guía para la formación de usuarios de la información/ (Registro nro. 9991)

Detalles MARC
000 -LEADER
fixed length control field 00915nam a2200217Ia 4500
005 - FECHA Y HORA DE LA ÚLTIMA TRANSACCIÓN
control field 20241019111343.0
008 - FIXED-LENGTH DATA ELEMENTS--GENERAL INFORMATION
fixed length control field 231115s9999 xx 000 0 und d
020 ## - INTERNATIONAL STANDARD BOOK NUMBER
International Standard Book Number 968-29-7298-1
040 ## - CATALOGING SOURCE
Original cataloging agency UPAN
Transcribing agency Biblioteca San Vicente
Description conventions RCAA2
041 ## - LANGUAGE CODE
Language code of text/sound track or separate title spa
082 ## - DEWEY DECIMAL CLASSIFICATION NUMBER
Classification number 025.56
Item number A678g
año de publicación 1994
100 ## - MAIN ENTRY--PERSONAL NAME
Personal name Arrellano Rodriguez, Alberto J.
Relator code aut.
245 #0 - TITLE STATEMENT
Title Guía para la formación de usuarios de la información/
Statement of responsibility, etc J. Alberto Arellano Rodríguez
250 ## - EDITION STATEMENT
Edition statement 1° ed.
260 ## - PUBLICATION, DISTRIBUTION, ETC. (IMPRINT)
Place of publication, distribution, etc México:
Name of publisher, distributor, etc Guías,
Date of publication, distribution, etc 1994
300 ## - PHYSICAL DESCRIPTION
Extent 102 p.;
Dimensions 23 cm.
440 ## - SERIES STATEMENT/ADDED ENTRY--TITLE
Title Guías para bibliotecas Universitarias
505 ## - FORMATTED CONTENTS NOTE
Formatted contents note - La información.<br/>- La formación de usuarios.<br/>- Las necesidades de información. <br/>- Diseños de programas de formación de usuarios.<br/>- Métodos y medios para la formación de usuarios.<br/>- Programa básico de formación de usuarios.<br/>- Evaluación.
650 ## - SUBJECT ADDED ENTRY--TOPICAL TERM
Source of heading or term LEMB
Topical term or geographic name as entry element Usuarios
942 ## - ADDED ENTRY ELEMENTS (KOHA)
Koha item type Libros
Source of classification or shelving scheme Dewey Decimal Classification
Existencias
Withdrawn status Lost status Source of classification or shelving scheme Damaged status Not for loan Collection code Home library Current library Date acquired Total Checkouts Full call number Barcode Date last seen Copy number Price effective from Koha item type
    Dewey Decimal Classification     Referencia Biblioteca UPAN San Vicente Biblioteca UPAN San Vicente 16/11/2023   025.56 A678g 12001932 16/11/2023 01 16/11/2023 Libros